000 00886nam a22002177a 4500
005 20141020170702.0
007 CD
008 141020b xxu||||| |||| 00| 0 eng d
010 _aDVD-008320-21
024 _a9781593392956
_c499.00
040 _aDPL
082 _aCD
245 _aGuide to Shakespeare:The life and alegacy of William Shakespeare
_cBritannica
_hCD-ROM
260 _aDelhi
_c2013
270 _aA-41, A-41Ground Floor(L-2) Mohan Cooperative Ind.Estate,Main Mathura Road
_bNew Delhi
_dIndia
300 _a1 disc(cd)
440 _aProfiles Series
500 _aImmerse yourself in the world of Shakespeare.Writing activities and role- playing bring Shakespeare to life.
942 _2ddc
_cCF
_hDVD
_mBRI
999 _c89504
_d89504